Visual aids: Their construction and use (Record no. 1325389)

MARC details
000 -LEADER
fixed length control field 00574nam a2200193Ia 4500
005 - DATE AND TIME OF LATEST TRANSACTION
control field 20250508150736.0
008 - FIXED-LENGTH DATA ELEMENTS--GENERAL INFORMATION
fixed length control field 008 250505s9999 xx 000 0 eng d
037 ## - SOURCE OF ACQUISITION
Stock number Books to be hide in OPAC
040 ## - CATALOGING SOURCE
Original cataloging agency FEDL
Language of cataloging eng
Transcribing agency FEDL
041 ## - LANGUAGE CODE
Language code of text/sound track or separate title eng
Source of code eng
084 ## - COLON CLASSIFICATION NUMBER
Classification number 371.335, WEA
Assigning agency FEDL
100 ## - MAIN ENTRY--PERSONAL NAME
Personal name Weaver Gilbert G
9 (RLIN) 314103
245 #0 - TITLE STATEMENT
Title Visual aids: Their construction and use
260 ## - PUBLICATION, DISTRIBUTION, ETC.
Place of publication, distribution, etc. Toronto, Canada
Name of publisher, distributor, etc. D. Van Nostrand Company
300 ## - PHYSICAL DESCRIPTION
Extent 386p.
700 ## - ADDED ENTRY--PERSONAL NAME
Personal name Bollinger Elroy W
9 (RLIN) 757519
942 ## - ADDED ENTRY ELEMENTS (KOHA)
Koha item type Books to be hide in OPAC
Classification part 371.335, WEA
Holdings
Withdrawn status Lost status Damaged status Not for loan Home library Current library Date acquired Total Checkouts Full call number Barcode Date last seen Price effective from Koha item type
        Department of Education Library Department of Education Library 2025-05-08   371.335, WEA EL0004830 2025-05-08 2025-05-08 Books to be hide in OPAC
Copyright @ Delhi University Library System